000 00622nam a2200217Ia 4500
005 20260415165600.0
008 260406s9999 xx 000 0 und d
022 _a3042-4526
041 _aeng
245 0 _aWild
264 1 _aSwitzerland:
_bMDPI AG,
_c2024.
336 _2rdacontent
_atext
_btxt
337 _2rdamedia
_acomputer
_bc
338 _2rdacarrier
_aonline resource
_bcr
540 _fCC BY
653 _aBiology
710 2 _aThe Directory of Open Access Journals
856 _uhttps://doaj.org/toc/4181a42388244876a47ee2d965e4ccc9
856 _uhttps://www.mdpi.com/journal/wild
942 _cE-JOURNAL
999 _c100084
_d100081